000
00283nam a2200121Ia 4500
005
20251222144921.0
008
251222s9999||||xx |||||||||||||| ||spa||
082
_a
869.561.1/A71Y
100
_a
Argüedas, José María
245
0
_a
Yawar Fiesta
264
_b
Pescadito
942
_c
LIB
999
_c
22718
_d
22718